Normal view
MARC view
- গিয়াস উদ্দিন আ: চৌধুরী
Entry Personal Name
001 - CONTROL NUMBER
- control field: 2283
003 - CONTROL NUMBER IDENTIFIER
- control field: OSt
005 - DATE AND TIME OF LATEST TRANSACTION
- control field: 20190421124528.0
008 - FIXED-LENGTH DATA ELEMENTS
- fixed length control field: 190421|| aca||aabn | a|a d
040 ## - CATALOGING SOURCE
- Original cataloging agency: OSt
100 ## - HEADING--PERSONAL NAME
- Personal name: গিয়াস উদ্দিন আ: চৌধুরী
